East Asian Languages - Statistics

General Stats
  • This quiz has been taken 341 times
  • The average score is 15 of 27
Answer Stats
Hint Answer % Correct
Mandarin China
100%
Hindi India
100%
Javanese Indonesia
92%
Okinawan Japan
90%
Tamil India
84%
Wu China
82%
Kurdish Iraq/Turkey/Iran
82%
Yi China
80%
Min Nan China
77%
Uyghur China
72%
Wa Myanmar/China
72%
Assamese India
64%
Ainu Japan
60%
Dzongkha Bhutan
59%
Acehnese Indonesia
45%
Tulu India
42%
Dhivehi Maldives
39%
Tuvan Russia
35%
Tetun East Timor
31%
Karakalpak Uzbekistan
26%
Brahui Pakistan
23%
Waray-Waray Philippines
23%
Gilaki Iran
20%
Burushaski Pakistan
20%
Amis Taiwan
18%
Ket Russia
15%
Jarai Vietnam
12%
No matching quizzes found
Score Distribution
Percent of People with Each Score
Percentile by Number Answered
Your Score History
You have not taken this quiz